000 00214 a2200097 4500
020 _a9780062234319
041 _aeng
100 _aRoth, Veronica
245 _aThe World of Veronica Rpths Divergent series
942 _cBK
999 _c9904
_d9904